00233nam a22000857a 4500008004100000100002000041245005700061250001900118300001000137140219t xxu||||| |||| 00| 0 eng d aSamuel H. Maron aPrinciples of Physical chemistrycby Samuel H. Maron afourth edition a886 p